000 00886nam0a22002771 4500
001 v19\rc\1958567
005 20251118180956.0
035 _a(NLR Aleph) 005042586
090 _a6809632
_c6809632
100 _a20080428d1913 u y0rusy50 ca
101 0 _arus
102 _aRU
105 _ay z |||a|
200 1 _aСорок раз женатый, или Ужасный преступник
_eНовый роман
_a[Убийство невесты]
_fЖ. Омар Ру
210 _aМосква
_cтип. П.В. Бельцова
_d1913
215 _a288 с.
_d17
517 0 _aУжасный преступник
540 1 _aУбийство невесты
700 1 _aРу
_bЖ.О.
_gЖ. Омар
801 0 _aRU
_bNLR
_gpsbo
801 0 _aRU
_bRuMoRGB
_2psbo
801 1 _aRU
_bProSoft-M
_2rusmarc
852 _aNLR
_j37.36.10.54
899 _aБАН
942 _cBOOK
980 _aNB